| 000 | 00361 a2200169 4500 | ||
|---|---|---|---|
| 001 | 185219 | ||
| 020 | _a85-7666-176-4 | ||
| 040 | _cMagnum | ||
| 100 | _aCampos, Carmem Lucia | ||
| 240 | 1 | 0 |
_aDani furacão _lpor |
| 245 | 1 | 0 | _aDani furacão |
| 300 | _a24 | ||
| 362 | 0 | _a2005 | |
| 440 | 1 | _aEscala Educacional | |
| 697 | _aLITERATURA INFANTIL | ||
| 942 | _cBK | ||
| 999 |
_c185219 _d185219 |
||